Statistics for Brawl Stars β‹… 𝔹𝕣𝕒𝕨𝕝𝕖𝕣𝕀

Click here to take the quiz!

General Stats

  • This quiz has been taken 138 times
    (68 since last reset)
  • The average score is 43 of 57

Answer Stats

RarityBrawler% Correct
Starting BrawlerShelly
98%
Trophy RoadBull
93%
Trophy RoadColt
93%
Trophy RoadEmz
93%
Trophy RoadNita
91%
RareRosa
89%
Trophy RoadBo
88%
Trophy RoadBrock
88%
Trophy RoadDyna
88%
RarePoco
88%
Trophy RoadJessie
86%
LegendarySpike
86%
ChromaticSurge
86%
RareBarley
84%
Trophy RoadStu
84%
Trophy RoadTick
84%
Trophy Road8-Bit
82%
LegendaryCrow
82%
Super RareJacky
82%
LegendaryLeon
82%
Super RareRico
82%
LegendaryAmber
81%
MythicMortis
81%
ChromaticGale
79%
LegendaryMeg
79%
Super RarePenny
79%
Super RareDarryl
77%
LegendarySandy
77%
MythicTara
77%
EpicFrank
75%
EpicPam
74%
Super RareCarl
72%
ChromaticColette
72%
EpicEdgar
72%
RarePrimo
70%
ChromaticBelle
68%
EpicBibi
68%
MythicGene
68%
ChromaticJanet
68%
ChromaticLou
68%
MythicByron
67%
ChromaticEve
67%
ChromaticFang
67%
EpicPiper
67%
ChromaticAsh
65%
EpicBea
65%
EpicBonnie
65%
EpicGriff
65%
EpicGrom
65%
MythicMax
65%
EpicNani
63%
MythicSprout
63%
MythicSqueak
63%
ChromaticRuffs
61%
MythicMr. P
60%
ChromaticBuzz
58%
ChromaticLola
58%

Score Distribution

Percentile by Number Answered

Percent of People with Each Score

Your Score History

You have not taken this quiz since the last reset